[Event "BSenEM 2014"]
[Site "Berlin"]
[Date "2014.01.31"]
[Round "2.59"]
[White "Geist, Wolfgang"]
[Black "Andrasch, Peter"]
[Result "0-1"]
[WhiteElo "1359"]
[BlackElo "1574"]
[Annotator "Jaeger,André"]
[PlyCount "96"]
[EventDate "2014.01.30"]
[WhiteTeam "SC Weisse Dame e.V."]
[BlackTeam "Sfr.Nord-Ost Berlin"]

1. d4 d5 2. Nf3 h6 3. e3 Bf5 4. Be2 Nf6 5. c3 e6 6. h3 Bd6 7. Nbd2 O-O 8. O-O
Nbd7 9. c4 c5 10. dxc5 Nxc5 11. Nb3 Nce4 12. Nbd2 Bc7 13. Nd4 Nxd2 14. Bxd2 Qd6
15. Nf3 Be4 16. g3 Bxf3 17. Bxf3 Rad8 18. cxd5 exd5 19. Bc3 Qe6 20. Bxf6 gxf6
21. Bg2 Kh8 22. Qg4 f5 23. Qh5 Rg8 24. Rad1 Rg5 25. Qf3 Qg6 26. Kh2 Rg8 27. Rg1
h5 28. h4 Rg4 29. Bh3 Rxh4 30. Rxd5 Qg4 31. Qg2 Qc4 32. Rxf5 Qe6 33. Rf3 b6 34.
b3 f6 35. Rc1 Be5 36. Rc4 Rgg4 37. Rxg4 hxg4 38. Rxf6 Qxf6 39. Qa8+ Kg7 40.
Qb7+ Kh6 41. Kg2 Rxh3 42. Qe4 Qg7 43. Qf5 Rh5 44. Qe6+ Qf6 45. Qxg4 Bd6 46. Qc4
Rc5 47. Qg4 Qg6 48. Qh4+ Rh5 0-1

[Event "BSenEM 2014"]
[Site "Berlin"]
[Date "2014.01.31"]
[Round "2.60"]
[White "Paris, Gerhard"]
[Black "Pfüller, Volker"]
[Result "1-0"]
[WhiteElo "1345"]
[BlackElo "1564"]
[Annotator "Jaeger,André"]
[PlyCount "70"]
[EventDate "2014.01.30"]
[WhiteTeam "TSG Oberschöneweide e.V."]
[BlackTeam "SC Rochade e.V."]

1. e4 e5 2. Nc3 Nc6 3. g3 Nf6 4. Bg2 Bc5 5. Nf3 d6 6. Na4 Nxe4 7. Nxc5 Nxc5 8.
d3 O-O 9. Bg5 f6 10. Bd2 Qe8 11. b4 Nd7 12. O-O Nb6 13. b5 Ne7 14. a4 Rb8 15.
c4 Bf5 16. Be3 Nbc8 17. Re1 Ng6 18. d4 Qf7 19. d5 c5 20. a5 b6 21. a6 Bd7 22.
Ra2 e4 23. Nd2 f5 24. f3 f4 25. gxf4 exf3 26. Nxf3 Nxf4 27. Ng5 Qg6 28. Bxf4
Rxf4 29. Ne6 Rf6 30. Kh1 Ne7 31. Bh3 Qh6 32. Ra3 Ng6 33. Rg3 Kh8 34. Rf1 Bxe6
35. Rxf6 Bxh3 {Rest unklar.} 1-0

[Event "BSenEM 2014"]
[Site "Berlin"]
[Date "2014.01.31"]
[Round "2.61"]
[White "David, Heinz-Dieter"]
[Black "Olschewsky, Roman"]
[Result "0-1"]
[WhiteElo "1336"]
[BlackElo "1561"]
[Annotator "Jaeger,André"]
[PlyCount "124"]
[EventDate "2014.01.30"]
[WhiteTeam "SKV Bad Freienwalde/Oder e.V."]
[BlackTeam "SG Wedding e.V."]

1. e4 d6 2. Nf3 Nf6 3. d3 e6 4. Nc3 Be7 5. h3 c5 6. Bd2 e5 7. a3 a6 8. Be2 Nc6
9. Nd5 Nxd5 10. exd5 Nb8 11. b4 Nd7 12. c4 O-O 13. Qc1 f5 14. Ng5 Nf6 15. Bc3
b6 16. Bf3 Ra7 17. a4 h6 18. Ne6 Bxe6 19. dxe6 Kh7 20. O-O Qc8 21. Bd5 Ne8 22.
f4 exf4 23. Qxf4 Bg5 24. Qf3 g6 25. b5 a5 26. d4 Ng7 27. Rae1 Re7 28. dxc5
Qxc5+ 29. Kh1 Bf6 30. Bxf6 Rxf6 31. Qc3 Rf8 32. g4 Qc8 33. Qe3 Qc5 34. Qc3 Qc7
35. h4 h5 36. Qe3 hxg4 37. Qf4 Rfe8 38. Bc6 Rd8 39. Bd7 Rg8 40. Qg5 Qd8 41. Rf2
Nh5 42. Rd2 Ng3+ 43. Kh2 Ne4 44. Rxe4 fxe4 45. Qxg4 Rgg7 46. Qxe4 Qf8 47. Rg2
Qf5 48. Qe3 Qe5+ 49. Qxe5 dxe5 50. Re2 Rg8 51. Rxe5 Rf8 52. Kg3 Rf1 53. c5 bxc5
54. Rxc5 Rb1 55. Rc6 Kh6 56. Ra6 g5 57. hxg5+ Kxg5 58. Rxa5 Rb3+ 59. Kf2 Kf4
60. Ke2 Rh7 61. Kd2 Rh2+ 62. Kc1 Rg3 0-1

[Event "BSenEM 2014"]
[Site "Berlin"]
[Date "2014.01.31"]
[Round "2.62"]
[White "Jiranek, Benno"]
[Black "Roloff, Karsten"]
[Result "0-1"]
[WhiteElo "1328"]
[BlackElo "1547"]
[Annotator "Jaeger,André"]
[PlyCount "86"]
[EventDate "2014.01.30"]
[WhiteTeam "SC Kreuzberg e.V."]
[BlackTeam "CFC Hertha 06 e.V."]

1. d4 g6 2. c4 Bg7 3. Nc3 f5 4. g3 Nf6 5. Bg2 O-O 6. Nf3 d6 7. Bf4 Qe8 8. Qb3
h6 9. c5+ Kh7 10. cxd6 cxd6 11. Nd2 Nc6 12. Be3 e5 13. Bxc6 bxc6 14. dxe5 dxe5
15. Bc5 Rf7 16. Qc2 Be6 17. b3 Nd5 18. O-O Nxc3 19. Qxc3 Rd8 20. e4 f4 21. Nf3
fxg3 22. fxg3 Bh3 23. Rf2 g5 24. Qc4 Rfd7 25. Qc2 Qg6 26. Kh1 Rd3 27. Qe2 R8d7
28. Qe1 Bg4 29. Kg2 Rf7 30. Nxg5+ hxg5 31. h3 Rxf2+ 32. Qxf2 Qxe4+ 33. Kh2 Rf3
34. Qd2 Be6 35. Re1 Qd5 36. Qc2+ Bf5 37. Qc1 Bh6 38. g4 Bg6 39. Bxa7 e4 40. Be3
Qd6+ 41. Kh1 Rxh3+ 42. Kg1 Qg3+ 43. Kf1 Qf3+ 0-1

[Event "BSenEM 2014"]
[Site "Berlin"]
[Date "2014.01.31"]
[Round "2.63"]
[White "Stiemerling, Karl-Heinz"]
[Black "Scholz, Werner"]
[Result "0-1"]
[WhiteElo "1313"]
[BlackElo "1538"]
[Annotator "Jaeger,André"]
[PlyCount "56"]
[EventDate "2014.01.30"]
[WhiteTeam "SG Eckturm"]
[BlackTeam "ESV 1949 Eberswalde e.V."]

1. d4 c5 2. d5 d6 3. e4 g6 4. Bb5+ Nd7 5. c4 Bg7 6. Nc3 Ngf6 7. Nf3 O-O 8. Bg5
Nb6 9. O-O a6 10. Ba4 Nxc4 11. Bb3 Nb6 12. Rc1 h6 13. Bf4 Nbd7 14. Qd2 Kh7 15.
h4 b5 16. Bc2 Nb6 17. b3 Bd7 18. e5 dxe5 19. Nxe5 b4 20. Ne4 Bb5 21. Nc6 Qxd5
22. Qxd5 Nfxd5 23. Nxe7 Nxf4 24. Nxg6 fxg6 25. Ng3 Bxf1 26. Kxf1 Rad8 27. Be4
Rd2 28. Rxc5 Rd1# 0-1

[Event "BSenEM 2014"]
[Site "Berlin"]
[Date "2014.01.31"]
[Round "2.64"]
[White "Mackowiak, Manfred"]
[Black "Hirr, Rudi"]
[Result "0-1"]
[WhiteElo "1274"]
[BlackElo "1523"]
[Annotator "Jaeger,André"]
[PlyCount "108"]
[EventDate "2014.01.30"]
[WhiteTeam "SC Rochade e.V."]
[BlackTeam "SG Grün-Weiß Baumschulenweg e.V."]

1. c4 e5 2. e4 Nf6 3. d3 Nc6 4. Nf3 Be7 5. g3 d6 6. Bg2 Bg4 7. h3 Bxf3 8. Bxf3
h5 9. h4 Qd7 10. Bg5 Nd4 11. Bxf6 Nxf3+ 12. Qxf3 Bxf6 13. Nc3 c6 14. a4 a6 15.
Ke2 Rb8 16. Rab1 Bd8 17. b3 g6 18. Rbg1 f5 19. exf5 Qxf5 20. Qxf5 gxf5 21. f3
Bb6 22. Rg2 Bd4 23. Nd1 Rg8 24. Nf2 b5 25. axb5 axb5 26. Rc1 Bxf2 27. Kxf2 bxc4
28. bxc4 Rb2+ 29. Kg1 Rxg2+ 30. Kxg2 f4 31. Rh1 Rxg3+ 32. Kf2 Ke7 33. Rh2 Kd7
34. Rh1 Kc7 35. Rh2 Kb6 36. Ke2 Kc5 37. Kf2 Kd4 38. Ke2 Kc3 39. Rf2 d5 40. cxd5
cxd5 41. Rh2 Rg1 42. Kf2 Rd1 43. Rg2 Rd2+ 44. Kf1 Rxg2 45. Kxg2 Kxd3 46. Kf2
Kd2 47. Kf1 Ke3 48. Kg2 Ke2 49. Kg1 d4 50. Kg2 d3 51. Kg1 d2 52. Kh2 Kxf3 53.
Kh3 d1=Q 54. Kh2 Qe2+ 0-1

[Event "BSenEM 2014"]
[Site "Berlin"]
[Date "2014.01.31"]
[Round "2.66"]
[White "Helm, Irmgard"]
[Black "Möller, Dirk"]
[Result "0-1"]
[WhiteElo "1234"]
[BlackElo "1514"]
[Annotator "Jaeger,André"]
[PlyCount "122"]
[EventDate "2014.01.30"]
[WhiteTeam "TSG Oberschöneweide e.V."]
[BlackTeam "SC Kreuzberg e.V."]

1. d4 f5 2. Nf3 Nf6 3. Nc3 g6 4. Bg5 Bg7 5. e3 O-O 6. Bc4+ d5 7. Bb3 c6 8. Ne2
Nbd7 9. c4 h6 10. Bf4 Qe8 11. cxd5 cxd5 12. Rc1 Nb6 13. h4 Bd7 14. Ne5 Bc6 15.
Ng3 Bb5 16. h5 g5 17. Ng6 gxf4 18. Nxf4 e6 19. Ng6 Rf7 20. Ne5 Re7 21. Ne2 Nxh5
22. Nf4 Nxf4 23. exf4 Bxe5 24. dxe5 Qg6 25. Qf3 Rg7 26. g3 Bc4 27. Bxc4 dxc4
28. Qc3 Rd7 29. Qf3 Kh7 30. Rd1 Rad8 31. Rd6 Rxd6 32. exd6 Rxd6 33. Qxb7+ Rd7
34. Qf3 Qg4 35. Qxg4 fxg4 36. Rh4 Rg7 37. Rh5 Kg6 38. Re5 Kf6 39. Kd2 Nd5 40.
Re4 Rc7 41. Re5 c3+ 42. bxc3 Nxc3 43. a3 Nd5 44. Re4 Rd7 45. Kc2 Rc7+ 46. Kb2
Nc3 47. Rb4 Nd1+ 48. Ka2 Nxf2 49. Rb2 Nd3 50. Rd2 Nc5 51. Rd8 Ne4 52. Rd3 Rc2+
53. Kb1 Rg2 54. Rd7 a6 55. Rd4 Nxg3 56. Ra4 Rg1+ 57. Kb2 Ne2 58. Kc2 Rf1 59.
Rxa6 Nxf4 60. Ra8 g3 61. Rf8+ Kg5 0-1

[Event "BSenEM 2014"]
[Site "Berlin"]
[Date "2014.01.31"]
[Round "2.67"]
[White "Freihube, Manfred"]
[Black "Koppatsch, Dr. Jürgen"]
[Result "1-0"]
[WhiteElo "1511"]
[BlackElo "1134"]
[Annotator "Jaeger,André"]
[PlyCount "55"]
[EventDate "2014.01.30"]
[WhiteTeam "SC Schwarz-Weiß Lichtenrade e.V."]
[BlackTeam "SV Motor Wildau e.V."]

1. d4 d5 2. Nf3 Nf6 3. c4 c5 4. cxd5 Qxd5 5. Nc3 Qd8 6. d5 Qb6 7. e4 e6 8. e5
Nxd5 9. Bb5+ Nc6 10. Bc4 Nxc3 11. bxc3 Qc7 12. Bf4 Be7 13. O-O h6 14. Re1 a6
15. Bg3 b5 16. Bd5 O-O 17. Be4 Rd8 18. Qe2 Bb7 19. Bc2 c4 20. Qe4 g6 21. Qe3
Kh7 22. Bf4 h5 23. Ng5+ Bxg5 24. Bxg5 Rd7 25. Bf6 Ne7 26. Qg5 Kg8 27. Qh6 Nf5
28. Qh8# 1-0

[Event "BSenEM 2014"]
[Site "Berlin"]
[Date "2014.01.31"]
[Round "2.68"]
[White "Walther, Lothar"]
[Black "Schröder, Otto"]
[Result "1/2-1/2"]
[WhiteElo "1165"]
[BlackElo "1500"]
[Annotator "Jaeger,André"]
[PlyCount "53"]
[EventDate "2014.01.30"]
[WhiteTeam "SV Turbine Berlin e.V."]
[BlackTeam "Betriebsschach Berlin"]

1. e4 d5 2. e5 c5 3. c3 Nc6 4. d4 cxd4 5. cxd4 e6 6. Nf3 Nge7 7. Bb5 Bd7 8. Nc3
a6 9. Be2 Nf5 10. O-O Bb4 11. a3 Ba5 12. b4 Bb6 13. Be3 Rc8 14. Rc1 h6 15. b5
axb5 16. Nxb5 Bc7 17. Bd2 O-O 18. Bb4 Nxb4 19. axb4 Bxb5 20. Bxb5 Bb6 21. Qd2
Rc7 22. Qb2 Qb8 23. Rxc7 Qxc7 24. Rc1 Qb8 25. h3 Qa7 26. Ra1 Qb8 27. Rc1
1/2-1/2